000 nam a22 7a 4500
999 _c29172
_d29172
003 PACU
005 20170706142838.0
008 170706b xxu||||| |||| 00| 0 eng d
040 _beng
_cPACU
050 _aSpec HE 367
_b.K4O38 2015
100 _aOguso, Alex
245 _aEnhancing road infrastructure development through public private partnership in Kenya
_ba comparative analysis
_cAlex Oguso
260 _aNairobi
_bKIPPRA
_c2015
300 _av, 246 pages
_bcolor illustrations
_c 25 cm
310 _aKIPPRA Discussion Paper No. 184
650 _aRoads
_bGovernment policy
_xMaintenance and repair
_zKenya
942 _2lcc
_cSPEC